000 00483nam a22001817a 4500
003 CEME
005 20210628203341.0
008 210305b xxu||||| |||| 00| 0 eng d
020 _a0-333-12837-0
040 _c.
082 _a808.84 JON
100 _aJONES, ALUN R
_964895
245 _aColeridge, the ancient mariner and other poems
260 _aNEW YORK
_bMACMILLAN PRESS
_c1973
300 _a254P
650 _aENGLISH LITERATURE-CRITICAL ESSAYS
_923462
942 _cBK
_2ddc
999 _c573258
_d573258